Central Library OPAC University of Rajshahi

আমার দেখা স্বর্গছোঁয়া ভূমি / (Record no. 78084)

MARC details
000 -LEADER
fixed length control field 00867nam a2200229 a 4500
001 - CONTROL NUMBER
control field 78084
003 - CONTROL NUMBER IDENTIFIER
rucl marc code BD-RjUL
005 - DATE AND TIME OF LATEST TRANSACTION
control field 20211209083104.0
008 - FIXED-LENGTH DATA ELEMENTS--GENERAL INFORMATION
fixed length control field 210316s2021 bg ||||| |||| 00| 0 ben d
020 ## - INTERNATIONAL STANDARD BOOK NUMBER
International Standard Book Number 9789840425877
035 ## - SYSTEM CONTROL NUMBER
System control number (BD-RjUL)78310
040 ## - CATALOGING SOURCE
Original cataloging agency BD-RjUL
Language of cataloging eng
Transcribing agency BD-RjUL
041 ## - LANGUAGE CODE
Language code of text/sound track or separate title ben
082 ## - DEWEY DECIMAL CLASSIFICATION NUMBER
Edition number 23
Classification number 915.4
Author mark and year KHA 2021
100 ## - MAIN ENTRY--PERSONAL NAME
Personal name খালেক, রাশেদা
9 (RLIN) 246128
245 10 - TITLE STATEMENT
Title আমার দেখা স্বর্গছোঁয়া ভূমি /
Statement of responsibility, etc. রাশেদা খালেক
260 ## - PUBLICATION, DISTRIBUTION, ETC. (IMPRINT)
Place of publication, distribution, etc. ঢাকা :
Name of publisher, distributor, etc. আগামী প্রকাশনী,২০২১
300 ## - PHYSICAL DESCRIPTION
Pagination ২৪৭ পৃ. :
Illustrations চিত্রসমূহ,
Size ২২ সেমি.
651 ## - SUBJECT ADDED ENTRY--GEOGRAPHIC NAME
Geographic name ভারত
General subdivision বর্ণনা এবং ভ্রমণ।
9 (RLIN) 246129
Geographic name India
General subdivision Description and travel.
9 (RLIN) 246130
942 ## - ADDED ENTRY ELEMENTS (KOHA)
Source of classification or shelving scheme Dewey Decimal Classification
Koha item type Books
Holdings
Lost status Source of classification or shelving scheme Damaged status Not for loan Collection code Permanent Location Current Location Shelving location Date acquired Source of acquisition Cost, normal purchase price Total Checkouts Full call number Date last seen Copy number Koha item type
  Dewey Decimal Classification   Not For Loan Non-fiction Central Library, University of Rajshahi Central Library, University of Rajshahi Reading Room 08/03/2021 Rasheda Khaleque 440.00   B 915.4 KHA 2021 16/03/2021 C-1 Books
  Dewey Decimal Classification     Non-fiction Central Library, University of Rajshahi Central Library, University of Rajshahi   08/03/2021 Rasheda Khaleque 440.00   B 915.4 KHA 2021 16/03/2021 C-2 Books
  Dewey Decimal Classification     Non-fiction Central Library, University of Rajshahi Central Library, University of Rajshahi   08/03/2021 Rasheda Khaleque 440.00   B 915.4 KHA 2021 16/03/2021 C-3 Books